000 00385nam a2200145Ia 4500
008 231129s2000||||xx |||||||||||||| ||spa||
020 _a958-33-1325-4
040 _bspa
082 _aR 615.5 T266m
100 _aTejada Hoyos Jorge D.
245 0 _aManual de terapéutica médica
260 _c2000
264 _aPostergraph
942 _2ddc
_cBKS
999 _c20464
_d20464